000 00481 a2200169 i 4500
001 196937
003 44423
090 _a196937
100 _a u||y y50 zz
200 _aЗапретная зона
210 _aМ.
_d1963
_cГеографгиз
215 _a280 с.
__280
225 _aПриключения. Путешествия. Фантастика.
675 _a82-311.6
700 _aВестберг
_bП.
942 _2udc
_cBOOK
_j82-311.6
_z44423
999 _c44423
_d44423